000 00191 a2200097 4500
020 _a0898400503
041 _aeng
100 _aJensen; Margaret
245 _a First we have coffee
942 _cBK
999 _c2962
_d2962